Joaquín Balaguer : (Record no. 16532)

MARC details
000 -LEADER
campo de control de longitud fija 00970cam a2200301 a 4500
001 - NÚMERO DE CONTROL
campo de control 61623
005 - FECHA Y HORA DE LA ÚLTIMA TRANSACCIÓN
campo de control 20230410101950.0
008 - DATOS DE LONGITUD FIJA--INFORMACIÓN GENERAL
campo de control de longitud fija 830815m1971 dr b 001 0 spa
035 ## - NÚMERO DE CONTROL DEL SISTEMA
-- (DLC) 83148021
035 ## - NÚMERO DE CONTROL DEL SISTEMA
Número de control de sistema 2356876
010 ## - NÚMERO DE CONTROL DE LA BIBLIOTECA DEL CONGRESO
Número de control de LC 83148021
040 ## - FUENTE DE CATALOGACIÓN
Centro catalogador/agencia de origen DLC
Centro/agencia transcriptor DLC
Centro/agencia modificador DLC
043 ## - CÓDIGO DE ÁREA GEOGRÁFICA
Código de área geográfica nwdr---
-- nwht---
050 14 - SIGNATURA TOPOGRÁFICA DE LA BIBLIOTECA DEL CONGRESO
Número de clasificación 118 F 1938.58
Número de ítem B171C 1971
082 00 - NÚMERO DE LA CLASIFICACIÓN DECIMAL DEWEY
Número de clasificación 972.9305/4/092
100 1# - ENTRADA PRINCIPAL--NOMBRE DE PERSONA
Nombre de persona Cordero, Armando
245 10 - MENCIÓN DEL TÍTULO
Título Joaquín Balaguer :
Resto del título Pensador y estadista /
Mención de responsabilidad, etc. Armando Cordero.
250 ## - MENCION DE EDICION
Mención de edición 3a ed. aumentada y corregida.
260 ## - PUBLICACIÓN, DISTRIBUCIÓN, ETC.
Lugar de publicación, distribución, etc. Santo Domingo :
Nombre del editor, distribuidor, etc. Imp. Arte y Cine,
Fecha de publicación, distribución, etc. 1971
300 ## - DESCRIPCIÓN FÍSICA
Extensión 237 p.
600 10 - PUNTO DE ACCESO ADICIONAL DE MATERIA--NOMBRE DE PERSONA
Nombre de persona Balaguer, Joaquín,
Fechas asociadas al nombre 1906-2002.
651 #0 - PUNTO DE ACCESO ADICIONAL DE MATERIA--NOMBRE GEOGRÁFICO
Nombre geográfico Dominican Republic
Subdivisión general Politics and government
Subdivisión cronológica 20th century.
610 20 - PUNTO DE ACCESO ADICIONAL DE MATERIA--NOMBRE DE ENTIDAD CORPORATIVA
Nombre de entidad corporativa o nombre de jurisdicción como elemento de entrada Partido Reformista (Dominican Republic)
650 #0 - PUNTO DE ACCESO ADICIONAL DE MATERIA--TÉRMINO DE MATERIA
Término de materia o nombre geográfico como elemento de entrada Presidents
Subdivisión geográfica Dominican Republic
Subdivisión de forma Biography.
600 14 - PUNTO DE ACCESO ADICIONAL DE MATERIA--NOMBRE DE PERSONA
Nombre de persona Balaguer, Joaquín*1906-2002
700 1# - ENTRADA AGREGADA--NOMBRE PERSONAL
Nombre de persona Balaguer, Joaquín,
Fechas asociadas al nombre 1906-2002.
942 ## - ELEMENTOS DE ENTRADA SECUNDARIOS (KOHA)
Fuente del sistema de clasificación o colocación Clasificación de Library of Congress
Tipo de ítem Koha
Holdings
Estatus retirado Estado de pérdida Fuente del sistema de clasificación o colocación Estado de daño No para préstamo Colección Biblioteca de origen Biblioteca actual Ubicación en estantería Fecha de adquisición Serial enumeration / chronology Signatura topográfica completa Código de barras Visto por última vez Copia número Tipo de ítem Koha
    Clasificación de Library of Congress     Recursos Regionales Biblioteca Juan Bosch Biblioteca Juan Bosch Recursos Regionales (2do. Piso) 10/04/2023 1 118 F 1938.58 B171C 1971 00000062190 23/10/2018 1